Statistics for StarStable Quiz

Click here to take the quiz!

General Stats

  • This quiz has been taken 123 times
    (122 since last reset)
  • The average score is 2 of 5

Answer Stats

QuestionAnswer% Correct
What is the name of Justin Moorland's grandpa?Jasper
86%
Who is the little boy in Fort Pinta?James
31%
Who are the two Bobcat girls you first meet out side the stables?Tan Loretta
19%
Witch company is trying to get rid of Moorland stables?G.E.D.
14%
How do you get to Jorvik City Plaza?The Bus
7%

Score Distribution

Percentile by Number Answered

Percent of People with Each Score

Your Score History

You have not taken this quiz since the last reset